Principles and applications of radiological physics. ( 6th ed.) (Record no. 32487)
[ view plain ]
| 000 -LEADER | |
|---|---|
| fixed length control field | 00800nam a2200205 a 4500 |
| 008 - FIXED-LENGTH DATA ELEMENTS--GENERAL INFORMATION | |
| fixed length control field | 170327s2011 ||||||||||||||||| || u |
| 020 ## - INTERNATIONAL STANDARD BOOK NUMBER | |
| International Standard Book Number | 9780702052156 |
| 050 ## - LIBRARY OF CONGRESS CALL NUMBER | |
| Classification number | R 895 Gra |
| 100 ## - MAIN ENTRY--PERSONAL NAME | |
| Personal name | Graham, Donald T |
| 245 10 - TITLE STATEMENT | |
| Title | Principles and applications of radiological physics. ( 6th ed.) |
| Statement of responsibility, etc. | Edited By Donald T. Graham, Paul Cloke [and] Martin Vosper |
| 250 ## - EDITION STATEMENT | |
| Edition statement | 6th ed. |
| 260 ## - PUBLICATION, DISTRIBUTION, ETC. | |
| Place of publication, distribution, etc. | Edinburgh: |
| Name of publisher, distributor, etc. | Churchill Livingstone/Elsevier |
| Date of publication, distribution, etc. | 2011 |
| 300 ## - PHYSICAL DESCRIPTION | |
| Extent | vii, 378p.: ill. |
| 350 ## - | |
| -- | 107.99 |
| 650 #0 - SUBJECT ADDED ENTRY--TOPICAL TERM | |
| Topical term or geographic name entry element | MEDICAL RADIOLOGY |
| 650 #0 - SUBJECT ADDED ENTRY--TOPICAL TERM | |
| Topical term or geographic name entry element | MEDICAL PHYSICS |
| 700 ## - ADDED ENTRY--PERSONAL NAME | |
| Personal name | Cloke, Paul |
| 700 ## - ADDED ENTRY--PERSONAL NAME | |
| Personal name | Vosper, Martin |
| 995 ## - | |
| -- | MICHAEL CHILUFYA SATA OPEN ACCESS |
| -- | 903863 |
| -- | CBU-SCHOOL OF MEDICINE LIBRARY (Ndola) |
| -- | 107.99 |
| -- | R 895 Gra |
| -- | 1 |
| -- | AVAILABLE |
| -- | Mar 27, 2017 |
| -- | 903863 |
| -- | Medical Library Open Access Collection |
| 999 ## - | |
| -- | 32487 |
| -- | 32487 |
| Withdrawn status | Lost status | Source of classification or shelving scheme | Damaged status | Not for loan | Permanent Location | Current Location | Shelving location | Date acquired | Total Checkouts | Full call number | Barcode | Date last seen | Price effective from | Koha item type |
|---|---|---|---|---|---|---|---|---|---|---|---|---|---|---|
| CBU-SCHOOL OF MEDICINE LIBRARY, NDOLA. | CBU-SCHOOL OF MEDICINE LIBRARY, NDOLA. | 11/30/2022 | R 895 Gra | 903863 | 11/30/2022 | 11/30/2022 | MONOGRAPH |